[Event "Aktivschach 2008"]
[Site "?"]
[Date "2009.08.30"]
[Round "2"]
[White "D++ 6 MHz, Saitek"]
[Black "GK 2000, Saitek"]
[Result "1-0"]
[WhiteElo "2026"]
[BlackElo "1974"]
[Annotator "Alexander Riedel"]
[PlyCount "76"]
[EventDate "2008.??.??"]
[SourceDate "2009.06.14"]

1. d4 d5 2. Nf3 e6 3. c4 Nf6 4. Nc3 Be7 5. Bg5 O-O 6. e3 Nbd7 7. Rc1 h6 8. Bh4
c5 9. dxc5 Qa5 10. Be2 Bxc5 11. O-O Bb4 12. cxd5 Bxc3 13. dxe6 Bxb2 14. Rc2
fxe6 15. Rxb2 g5 16. Bg3 Ne4 17. Qb1 Ndf6 18. Rc1 b6 19. Nd4 Rf7 20. Bc4 Kh8
21. Nxe6 Nxg3 22. Nd4 Rc7 23. hxg3 Ba6 24. Bxa6 Rxc1+ 25. Qxc1 Qxa6 26. Qc6 Rf8
27. Qd6 Qc8 28. Rc2 Qd8 29. Qe6 Kg7 30. Rc6 Kg6 31. Qf5+ Kf7 32. Qc2 Re8 33.
Nf5 Ne4 34. Qb3+ Kf8 35. Rxh6 Qf6 36. Rxf6+ Nxf6 37. Qa3+ Kf7 38. Nd6+ Ke7 1-0

[Event "Aktivschach 2008"]
[Site "?"]
[Date "2008.09.27"]
[Round "2"]
[White "D++ 6 MHz, Saitek"]
[Black "Kishon Chesster, Fidelity"]
[Result "1-0"]
[WhiteElo "2026"]
[BlackElo "1873"]
[Annotator "Alexander Riedel"]
[PlyCount "107"]
[EventDate "2008.??.??"]
[SourceDate "2009.06.14"]

1. d4 Nf6 2. Nf3 g6 3. c4 Bg7 4. Nc3 d6 5. e4 O-O 6. Be2 e5 7. d5 Nbd7 8. O-O
Nc5 9. Qc2 a5 10. Bg5 h6 11. Be3 Nh5 12. Ne1 Nf4 13. Bf3 Bd7 14. g3 Nh3+ 15.
Kh1 Ng5 16. Bg2 f5 17. Bxc5 dxc5 18. Nd3 Qe7 19. f4 exf4 20. Nxf4 Kh7 21. exf5
Bxf5 22. Qb3 Qd6 23. h4 Nf7 24. h5 gxh5 25. Nxh5 Bxc3 26. Rxf5 Bb4 27. a3 Qg6
28. Be4 Kh8 29. axb4 axb4 30. Rxa8 Rxa8 31. Kh2 Qg4 32. Nf6 Qe2+ 33. Bg2 Nd6
34. Rf4 Rf8 35. Kg1 Nxc4 36. Qxc4 Qxc4 37. Rxc4 Rxf6 38. Rxc5 c6 39. dxc6 bxc6
40. Rxc6 Rxc6 41. Bxc6 Kg7 42. Kf2 Kf6 43. Ke3 Kf5 44. Bf3 Kf6 45. Kd4 Kf5 46.
Kc4 Ke5 47. b3 Kf5 48. Kxb4 Ke6 49. Kc5 Kd7 50. b4 Kc7 51. b5 h5 52. b6+ Kd7
53. Bxh5 Kc8 54. g4 1-0

[Event "Aktivschach 2008"]
[Site "?"]
[Date "2008.08.23"]
[Round "1"]
[White "D++ 6 MHz, Saitek"]
[Black "MM II + HG240, Mephisto"]
[Result "1-0"]
[WhiteElo "2026"]
[BlackElo "1805"]
[Annotator "Alexander Riedel"]
[PlyCount "119"]
[EventDate "2008.??.??"]
[SourceDate "2009.06.14"]

1. d4 d5 2. Nf3 Nf6 3. c4 c6 4. Nc3 e6 5. e3 Bd6 6. Bd3 Nbd7 7. e4 dxe4 8. Nxe4
Nxe4 9. Bxe4 O-O 10. O-O h6 11. Bc2 b6 12. Qd3 Nf6 13. Ne5 Bb7 14. Ng4 Re8 15.
Nxf6+ Qxf6 16. Qh7+ Kf8 17. Be3 Qh4 18. g3 Qf6 19. Be4 Rad8 20. Bg2 Rd7 21.
Rac1 b5 22. a3 Red8 23. b4 bxc4 24. Rfe1 a5 25. bxa5 Bxa3 26. Rxc4 Ra8 27. Ra4
Bd6 28. a6 Rxa6 29. Rxa6 Bxa6 30. Bxc6 Rd8 31. Ra1 Bc8 32. Qh8+ Ke7 33. Ra7+
Bd7 34. Qxd8+ Kxd8 35. Rxd7+ Ke8 36. Rxd6+ Kf8 37. Rd7 Kg8 38. d5 Qa1+ 39. Kg2
Qe5 40. d6 Qb2 41. Re7 Qc2 42. d7 Qxc6+ 43. f3 Qc2+ 44. Bf2 Qd1 45. Re8+ Kh7
46. d8=Q Qxd8 47. Rxd8 Kg6 48. Bd4 f6 49. Rd7 h5 50. Bc5 e5 51. Bf8 f5 52.
Rxg7+ Kf6 53. Rh7 h4 54. gxh4 e4 55. h5 Kg5 56. fxe4 fxe4 57. h6 e3 58. Re7 e2
59. h7 e1=Q 60. Rxe1 1-0

[Event "Aktivschach 2008"]
[Site "?"]
[Date "2008.01.31"]
[Round "2"]
[White "D++ 6 MHz, Saitek"]
[Black "MM IV + HG440, Mephisto"]
[Result "0-1"]
[WhiteElo "2026"]
[BlackElo "1946"]
[Annotator "Alexander Riedel"]
[PlyCount "88"]
[EventDate "2008.??.??"]
[SourceDate "2009.06.14"]

1. e4 c6 2. d4 d5 3. Nc3 dxe4 4. Nxe4 Nd7 5. Ng5 Ngf6 6. Bd3 e5 7. Bc4 Nd5 8.
Qf3 f6 9. Ne6 Qa5+ 10. Bd2 Nb4 11. Qb3 b5 12. Nxg7+ Bxg7 13. Bf7+ Kd8 14. Bxb4
Qc7 15. O-O-O exd4 16. Rxd4 c5 17. Rg4 Bh6+ 18. Bd2 Bxd2+ 19. Kxd2 Qa5+ 20. c3
c4 21. Qb4 Qxa2 22. Kc2 Rb8 23. Rd4 Rb6 24. Rd5 Ba6 25. Nf3 Kc8 26. Re1 Rb7 27.
Nd4 Ne5 28. Be6+ Kb8 29. Bf5 Rg8 30. Qd6+ Ka8 31. g3 Nd3 32. Bxd3 cxd3+ 33.
Kxd3 b4+ 34. Kc2 bxc3 35. Qd8+ Rb8 36. Qxb8+ Rxb8 37. Nb5 Qxb2+ 38. Kd3 Qd2+
39. Kc4 Qxe1 40. Rf5 c2 41. Kb3 Qb1+ 42. Ka4 Bxb5+ 43. Rxb5 Qxb5+ 44. Ka3 Qb3#
0-1

[Event "Aktivschach 2008"]
[Site "?"]
[Date "2009.09.02"]
[Round "2"]
[White "D++ 6 MHz, Saitek"]
[Black "Modena, Mephisto"]
[Result "1-0"]
[WhiteElo "2026"]
[BlackElo "1859"]
[Annotator "Alexander Riedel"]
[PlyCount "127"]
[EventDate "2008.??.??"]
[SourceDate "2009.06.14"]

1. Nf3 Nf6 2. g3 c5 3. Bg2 d5 4. O-O Nc6 5. d4 cxd4 6. Nxd4 e5 7. Nxc6 bxc6 8.
c4 Be6 9. Nc3 Be7 10. f4 Qb6+ 11. Kh1 O-O-O 12. fxe5 dxc4 13. Qa4 Nd5 14. Qxc4
Kb7 15. Nxd5 Rxd5 16. Qf4 Rd4 17. Qf2 Ra4 18. Be3 Qa6 19. Rac1 Rc8 20. a3 Qb5
21. Bd4 h6 22. Rfd1 Bb3 23. Rd2 Bg5 24. e3 Bd5 25. Rc5 Bxg2+ 26. Kxg2 Qb3 27.
Rc3 Qd5+ 28. Kg1 Qe6 29. Qg2 Be7 30. Rdd3 h5 31. Rb3+ Ka8 32. Qf2 h4 33. Qf3
Rc4 34. g4 Rc1+ 35. Kg2 h3+ 36. Qxh3 Qd5+ 37. e4 Qxe4+ 38. Qf3 Rc2+ 39. Bf2
Qxe5 40. Rd7 Rc7 41. Re3 Qxe3 42. Rxc7 Qxf3+ 43. Kxf3 Bf6 44. Rxa7+ Kb8 45.
Rxf7 Rxb2 46. Bg3+ Kc8 47. g5 Rb3+ 48. Ke4 Bb2 49. Be5 g6 50. Rc7+ Kd8 51. Rxc6
Bxe5 52. Kxe5 Re3+ 53. Kf6 Rxa3 54. Kxg6 Rh3 55. Rc2 Ke7 56. Rf2 Ke6 57. Re2+
Kd6 58. Kf5 Kd5 59. Rd2+ Kc4 60. g6 Rh5+ 61. Kf6 Kc3 62. Rg2 Rh6 63. Kf7 Rh8
64. g7 1-0

[Event "Aktivschach 2008"]
[Site "?"]
[Date "2008.09.17"]
[Round "2"]
[White "D++ 6 MHz, Saitek"]
[Black "Polgar, Mephisto"]
[Result "0-1"]
[WhiteElo "2026"]
[BlackElo "2002"]
[Annotator "Alexander Riedel"]
[PlyCount "128"]
[EventDate "2008.??.??"]
[SourceDate "2009.06.14"]

1. d4 d5 2. c4 dxc4 3. e4 Nf6 4. e5 Nd5 5. Bxc4 Nb6 6. Bb3 Bf5 7. Qf3 e6 8.
Qxb7 Qxd4 9. Ne2 Bb4+ 10. Nbc3 Qxe5 11. O-O Bxc3 12. Nxc3 O-O 13. g3 Rc8 14.
Bf4 Qc5 15. Rfd1 N8d7 16. Rac1 Qa5 17. Bxc7 Nc5 18. Qf3 Qb4 19. Bd6 Qg4 20.
Qxg4 Bxg4 21. Bxc5 Rxc5 22. Ne4 Rcc8 23. Rxc8+ Rxc8 24. Rd4 Bf3 25. Nc3 e5 26.
Rd3 Bb7 27. f3 Kf8 28. Kf2 h5 29. h4 f6 30. Rd6 Bc6 31. Ke3 Ke7 32. Ne4 Bxe4
33. Re6+ Kd7 34. fxe4 Rc1 35. Kd2 Rg1 36. a3 Rxg3 37. Ba2 Rg4 38. Bd5 Rxh4 39.
Rc6 Nxd5 40. exd5 Rd4+ 41. Ke3 a5 42. Rc5 a4 43. Rc6 h4 44. Ra6 f5 45. Ra7+ Kd6
46. Rxg7 f4+ 47. Ke2 Re4+ 48. Kf3 Re3+ 49. Kf2 Rb3 50. Ra7 Rxb2+ 51. Kf1 h3 52.
Ra6+ Kxd5 53. Kg1 Rg2+ 54. Kh1 Rc2 55. Ra5+ Ke4 56. Rxa4+ Kf3 57. Ra7 e4 58.
Rh7 Rc1+ 59. Kh2 e3 60. Rxh3+ Kf2 61. Rh4 f3 62. Rh7 e2 63. Re7 e1=Q 64. Rxe1
Kxe1 0-1

[Event "Aktivschach 2008"]
[Site "?"]
[Date "2008.08.22"]
[Round "1"]
[White "D++ 6 MHz, Saitek"]
[Black "Roma 68000, Mephisto"]
[Result "0-1"]
[WhiteElo "2026"]
[BlackElo "1995"]
[Annotator "Alexander Riedel"]
[PlyCount "60"]
[EventDate "2008.??.??"]
[SourceDate "2009.06.14"]

1. c4 c5 2. Nf3 b6 3. d4 cxd4 4. Nxd4 Nf6 5. Nc3 Bb7 6. Bg5 e6 7. Ndb5 Be7 8.
Bxf6 gxf6 9. e4 d6 10. Bd3 Nd7 11. Qa4 a6 12. Nd4 Rc8 13. O-O Qc7 14. Kh1 Qc5
15. Nf3 a5 16. b3 Bc6 17. Nb5 Ne5 18. Nxe5 dxe5 19. f3 Qe3 20. Rad1 O-O 21. Bb1
Rfd8 22. Rg1 Rd2 23. Rxd2 Qxd2 24. Rf1 Bc5 25. h3 Rd8 26. Kh2 Qe2 27. Rh1 Rd2
28. Rg1 Bxg1+ 29. Kg3 Qxg2+ 30. Kh4 Qg5# 0-1

[Event "Aktivschach 2008"]
[Site "?"]
[Date "2009.08.11"]
[Round "1"]
[White "D++ 6 MHz, Saitek"]
[Black "Super Expert C 6 MHz, Novag"]
[Result "1-0"]
[WhiteElo "2026"]
[BlackElo "2034"]
[Annotator "Alexander Riedel"]
[PlyCount "93"]
[EventDate "2008.??.??"]
[SourceDate "2009.06.14"]

1. d4 d5 2. Nf3 Nf6 3. c4 dxc4 4. Nc3 c6 5. e4 b5 6. e5 Nd5 7. a4 e6 8. axb5
Nxc3 9. bxc3 cxb5 10. Ng5 Bb7 11. Qh5 g6 12. Qg4 Bg7 13. Ba3 Qa5 14. Qh3 b4 15.
cxb4 Qd8 16. Qe3 Bh6 17. h4 Nc6 18. Bxc4 Qxd4 19. Qxd4 Nxd4 20. O-O Bg7 21. f4
h6 22. Nh3 Nc2 23. Bb5+ Ke7 24. Ra2 Nxa3 25. Rxa3 a6 26. Bd3 Rhc8 27. Re1 f5
28. Rd1 Rd8 29. Rc1 Rd7 30. Kh2 Rb8 31. b5 axb5 32. Bxb5 Rd2 33. Rc7+ Kf8 $2 (
33... Kd8 34. Rxg7 Rxg2+ 35. Kh1 Rg4+ {Remis}) 34. Bf1 Rd1 35. Rg3 Rxf1 36.
Rxg6 Bh8 37. Rh7 Bxe5 38. fxe5 Re8 39. Rxb7 Rc1 40. Rxh6 Re7 41. Rh8+ Kg7 42.
Rbb8 Rh1+ 43. Kxh1 Re8 44. Rbxe8 Kg6 45. Reg8+ Kf7 46. Ng5+ Ke7 47. Rg7# 1-0

[Event "Aktivschach 2008"]
[Site "?"]
[Date "2009.09.02"]
[Round "2"]
[White "D++ 6 MHz, Saitek"]
[Black "Monte Carlo, Mephisto"]
[Result "1/2-1/2"]
[WhiteElo "2026"]
[BlackElo "1888"]
[Annotator "Alexander Riedel"]
[PlyCount "148"]
[EventDate "2008.??.??"]
[SourceDate "2009.06.14"]

1. Nf3 Nf6 2. d4 e6 3. g3 d5 4. Bg2 c6 5. O-O Be7 6. Bf4 Nh5 7. Bxb8 Rxb8 8.
Nc3 O-O 9. e4 Bb4 10. Nd2 Nf6 11. e5 Nd7 12. Ne2 Be7 13. c3 b5 14. Nf4 c5 15.
Qg4 cxd4 16. Nh5 g6 17. cxd4 Bb4 18. Nf3 f5 19. exf6 Nxf6 20. Nxf6+ Qxf6 21.
Ne5 Bd6 22. Nc6 Rb7 23. f4 Rc7 24. Rac1 Bb7 25. Ne5 Rfc8 26. Rxc7 Rxc7 27. Qe2
a6 28. Qd2 Qf5 29. Qa5 Qf8 30. Qb6 Qe7 31. b3 Rc3 32. Re1 Rc2 33. a4 bxa4 34.
bxa4 Kg7 35. Rb1 Bc8 36. a5 Qc7 37. Rb3 g5 38. Qxc7+ Bxc7 39. fxg5 Bxa5 40. Rf3
Bc3 41. Rf4 Re2 42. Kf1 Re1+ 43. Kf2 Bd2 44. Rf7+ Kg8 45. Rc7 Rc1 46. Nc6 Bd7
47. Ne7+ Kf8 48. Rxd7 Bxg5 49. Nxd5 Rc2+ 50. Kf3 exd5 51. Rxh7 Bf6 52. Bf1 a5
53. Ke3 Rb2 54. Rh5 a4 55. h4 a3 56. Rxd5 a2 57. Ra5 Rb1 58. Rxa2 Rxf1 59. Ra6
Kf7 60. Ra7+ Ke6 61. h5 Re1+ 62. Kf3 Bxd4 63. Ra4 Kd5 64. Ra2 Kc4 65. Rc2+ Kd3
66. Rh2 Be5 67. Rh3 Rf1+ 68. Kg2 Rc1 69. g4+ Kd4 70. Rf3 Rc2+ 71. Rf2 Rxf2+ 72.
Kxf2 Bf4 73. Kf3 Ke5 74. Kg2 Kd5 1/2-1/2

[Event "Aktivschach 2008"]
[Site "?"]
[Date "2009.08.29"]
[Round "1"]
[White "GK 2000, Saitek"]
[Black "D++ 6 MHz, Saitek"]
[Result "0-1"]
[WhiteElo "1974"]
[BlackElo "2026"]
[Annotator "Alexander Riedel"]
[PlyCount "144"]
[EventDate "2008.??.??"]
[SourceDate "2009.06.14"]

1. e4 c5 2. Nf3 e6 3. d4 cxd4 4. Nxd4 Nc6 5. Nc3 d6 6. Be3 Nf6 7. Bb5 Bd7 8.
Nxc6 bxc6 9. Bd3 e5 10. O-O Be7 11. Bc4 O-O 12. a3 Ng4 13. Bd2 Rb8 14. Rb1 Qb6
15. Be2 Qd4 16. h3 Nf6 17. Be3 Qxd1 18. Rfxd1 a5 19. Bg5 Be6 20. Bxf6 gxf6 21.
Bd3 d5 22. Na4 Kh8 23. Kh2 Rg8 24. g4 h6 25. Kg3 h5 26. f3 Rg5 27. Kf2 h4 28.
Bf1 Rgg8 29. Bg2 Rgd8 30. Ke2 d4 31. Kd3 Bd6 32. Rg1 c5 33. b3 Rdc8 34. Nb2
Bxb3 35. cxb3 Rxb3+ 36. Kc2 Rxa3 37. Ra1 Rc3+ 38. Kd2 c4 39. Rxa5 Rb3 40. Kc2
Rcb8 41. Nxc4 Rc3+ 42. Kd2 Rxc4 43. Ra2 Bb4+ 44. Ke2 Rd8 45. Rd1 Kg7 46. Kf1 d3
47. Ra4 Rd7 48. Bh1 d2 49. Ke2 Kh6 50. Ra8 Kh7 51. Rb8 Kg7 52. Bg2 Bc3 53. Ra8
Rc6 54. Ra2 Kh6 55. Ra8 Kh7 56. Ke3 Bb4 57. Ra4 Rc1 58. Ke2 Bc3 59. Rc4 Kh6 60.
Rc8 Kg7 61. Rc6 Kg6 62. Rc5 Rb7 63. Rxc3 Rxc3 64. Rxd2 Kg5 65. Kf2 Rbc7 66. Bf1
Rc2 67. Rxc2 Rxc2+ 68. Ke3 Rh2 69. Bc4 Rxh3 70. Be2 Rh2 71. Bf1 h3 72. Bxh3
Rxh3 0-1

[Event "Aktivschach 2008"]
[Site "?"]
[Date "2009.08.30"]
[Round "1"]
[White "GK 2000, Saitek"]
[Black "Kishon Chesster, Fidelity"]
[Result "1-0"]
[WhiteElo "1974"]
[BlackElo "1874"]
[Annotator "Alexander Riedel"]
[PlyCount "79"]
[EventDate "2008.??.??"]
[SourceDate "2009.06.14"]

1. d4 d5 2. Nf3 Nf6 3. c4 c6 4. Nc3 dxc4 5. a4 Bf5 6. e3 e6 7. Bxc4 Bb4 8. O-O
O-O 9. Qb3 Qe7 10. Bd2 c5 11. d5 Nbd7 12. dxe6 Bxe6 13. Bxe6 Qxe6 14. Qxe6 fxe6
15. Rfd1 Ng4 16. Ne4 Bxd2 17. Rxd2 Ngf6 18. Nd6 b6 19. Ng5 Ng4 20. h3 Nge5 21.
f4 Nc6 22. Nxe6 Rf6 23. f5 Nde5 24. Rad1 c4 25. Nc7 Rb8 26. e4 Nb4 27. Kf1 Rbf8
28. Ke2 Rb8 29. Ne6 Nbd3 30. b3 cxb3 31. Rxd3 Nxd3 32. Rxd3 b2 33. Rb3 b5 34.
e5 Rh6 35. axb5 a6 36. b6 a5 37. Rxb2 a4 38. Rc2 g5 39. b7 Rxe6 40. fxe6 1-0

[Event "Aktivschach 2008"]
[Site "?"]
[Date "2008.02.01"]
[Round "1"]
[White "GK 2000, Saitek"]
[Black "MM II + HG240, Mephisto"]
[Result "1-0"]
[WhiteElo "1974"]
[BlackElo "1805"]
[Annotator "Alexander Riedel"]
[PlyCount "141"]
[EventDate "2008.??.??"]
[SourceDate "2009.06.14"]

1. e4 e6 2. d4 d5 3. Nd2 c5 4. exd5 Qxd5 5. Ngf3 cxd4 6. Bc4 Qd6 7. O-O Nf6 8.
Nb3 Be7 9. Nbxd4 a6 10. Qe2 O-O 11. Rd1 Qb6 12. Bb3 Bc5 13. Bg5 Nbd7 14. Rd2 e5
15. Nf5 e4 16. N3d4 Rd8 17. Rad1 a5 18. Qb5 Qa6 19. Bc4 Qxb5 20. Nxb5 Rf8 21.
Nbd6 Bxd6 22. Nxd6 h6 23. Bxf6 Nxf6 24. Re1 g5 25. Nxe4 Nxe4 26. Rxe4 Bf5 27.
Re7 b6 28. c3 Kg7 29. h3 Rae8 30. Rde2 Rxe7 31. Rxe7 Bg6 32. Rb7 Rc8 33. b3 Rc6
34. Kf1 Rf6 35. Rd7 Bf5 36. Re7 Kg6 37. Bd5 Bd3+ 38. Ke1 Rf5 39. c4 h5 40. Rd7
Bb1 41. a3 Bc2 42. b4 axb4 43. axb4 Rf6 44. Ke2 Bf5 45. Rc7 g4 46. hxg4 hxg4
47. Ke3 Be6 48. Rb7 Bxd5 49. cxd5 Kg5 50. Re7 Rd6 51. Kd4 Rf6 52. Re5+ Kg6 53.
Ke3 b5 54. Re4 Kg5 55. Re7 Rf5 56. d6 Rd5 57. Rxf7 Rxd6 58. f4+ gxf3 59. gxf3
Kg6 60. Rb7 Rd5 61. Ke4 Rg5 62. f4 Rh5 63. Rc7 Kf6 64. Rc5 Rxc5 65. bxc5 Ke7
66. f5 b4 67. c6 b3 68. Kd3 Kd6 69. f6 b2 70. Kc2 Ke6 71. Kxb2 1-0

[Event "Aktivschach 2008"]
[Site "?"]
[Date "2008.01.21"]
[Round "2"]
[White "GK 2000, Saitek"]
[Black "MM IV + HG440, Mephisto"]
[Result "1-0"]
[WhiteElo "1974"]
[BlackElo "1946"]
[Annotator "Alexander Riedel"]
[PlyCount "50"]
[EventDate "2008.??.??"]
[SourceDate "2009.06.14"]

1. d4 Nf6 2. Nc3 d5 3. e4 dxe4 4. f3 exf3 5. Nxf3 Bg4 6. Bg5 e6 7. h3 Bxf3 8.
Qxf3 Qxd4 $4 ({besser} 8... c6) 9. Qxb7 Qe5+ 10. Kd1 Qxg5 11. Qxa8 Nfd7 12.
Qxa7 Bd6 13. a4 Be5 14. a5 Bxc3 15. bxc3 Qg3 16. Qd4 e5 17. Qc4 Qf2 18. Qxc7
O-O 19. a6 Qc5 20. Qxc5 Nxc5 21. a7 Rd8+ 22. Ke1 Nba6 23. Bxa6 Nxa6 24. Rxa6 f5
25. Rb6 e4 1-0

[Event "Aktivschach 2008"]
[Site "?"]
[Date "2008.09.08"]
[Round "1"]
[White "GK 2000, Saitek"]
[Black "Modena, Mephisto"]
[Result "1-0"]
[WhiteElo "1974"]
[BlackElo "1959"]
[Annotator "Alexander Riedel"]
[PlyCount "94"]
[EventDate "2008.??.??"]
[SourceDate "2009.06.14"]

1. e4 e5 2. Nf3 Nf6 3. Nxe5 d6 4. Nf3 Nxe4 5. d4 d5 6. Bd3 Be7 7. O-O O-O 8.
Re1 Nd6 9. c3 Bf5 10. Bxf5 Nxf5 11. Qb3 b5 12. Qxb5 Qd7 13. Qxd7 Nxd7 14. g4
Nxd4 15. Nxd4 Bc5 16. Bf4 Rfb8 17. b3 Rb7 18. Nd2 Nf6 19. h3 a5 20. Rad1 a4 21.
Nf5 axb3 22. axb3 c6 23. g5 Ne8 24. b4 Bf8 25. Re2 Rd8 26. Kg2 Rbd7 27. Nc4 Nc7
28. Ne5 Ne6 29. Be3 Rc7 30. Bb6 Nf4+ 31. Kf3 Nxe2 32. Kxe2 Rdc8 33. Bxc7 Rxc7
34. f4 f6 35. gxf6 gxf6 36. Rg1+ Kh8 37. Ng4 Bg7 38. Nge3 Bf8 39. Ra1 Kg8 40.
Ra6 Rc8 41. Ng4 h6 42. Ngxh6+ Kh7 43. Ng4 Kg6 44. Nd4 Re8+ 45. Kf3 Rc8 46. Nxc6
Bd6 47. h4 Rf8 1-0

[Event "Aktivschach 2008"]
[Site "?"]
[Date "2008.09.03"]
[Round "1"]
[White "GK 2000, Saitek"]
[Black "Polgar, Mephisto"]
[Result "0-1"]
[WhiteElo "1974"]
[BlackElo "2002"]
[Annotator "Alexander Riedel"]
[PlyCount "112"]
[EventDate "2008.??.??"]
[SourceDate "2009.06.14"]

1. d4 Nf6 2. Nf3 e6 3. c4 b6 4. Nc3 Bb7 5. Bg5 Bb4 6. Qb3 Nc6 7. O-O-O Bxc3 8.
bxc3 h6 9. Bh4 O-O 10. e3 Na5 11. Qc2 c5 12. dxc5 bxc5 13. Bxf6 Qxf6 14. Rxd7
Bc6 15. Rd6 Bxf3 16. gxf3 Qxf3 17. Rg1 Rac8 18. Ra6 Nb7 19. Bg2 Qg4 20. h3 Qg5
21. Rxa7 Nd6 22. Qd3 Rfd8 23. Ra6 Nf5 24. Qe2 Nh4 25. Ra7 Nxg2 26. Qf3 Qe5 27.
Kb1 Rb8+ 28. Kc2 Nxe3+ 29. fxe3 Rf8 30. a4 Rbd8 31. a5 Qd6 32. Rb7 Qd2+ 33. Kb3
Rd3 34. Qf6 g5 35. e4 Rxh3 36. a6 Rh2 37. Ka4 Qa2+ 38. Kb5 Rb2+ 39. Kxc5 Qa3+
40. Rb4 Qa5+ 41. Kd4 Rd8+ 42. Qxd8+ Qxd8+ 43. Kc5 Qc7+ 44. Kb5 Ra2 45. c5 Ra5+
46. Kc4 Qxc5+ 47. Kd3 Qxg1 48. Rb8+ Kg7 49. Rb7 Qd1+ 50. Kc4 Qe2+ 51. Kb4 Qa2
52. Rb5 Qa4+ 53. Kc5 Rxb5+ 54. Kd6 Qxa6+ 55. Kc7 Rb7+ 56. Kd8 Qa8# 0-1

[Event "Aktivschach 2008"]
[Site "?"]
[Date "2008.09.04"]
[Round "1"]
[White "GK 2000, Saitek"]
[Black "Roma 68000, Mephisto"]
[Result "1/2-1/2"]
[WhiteElo "1974"]
[BlackElo "1995"]
[Annotator "Alexander Riedel"]
[PlyCount "94"]
[EventDate "2008.??.??"]
[SourceDate "2009.06.14"]

1. e4 d5 2. exd5 Qxd5 3. Nc3 Qa5 4. d4 Nf6 5. Bb5+ Bd7 6. Qf3 Nc6 7. Nge2 a6 8.
Ba4 e5 9. dxe5 Qxe5 10. Bf4 Qf5 11. Bxc7 Qxf3 12. gxf3 Rc8 13. Bg3 Bc5 14.
O-O-O b5 15. Bb3 Na5 16. Bd5 O-O 17. Ne4 Be7 18. Nxf6+ Bxf6 19. Nf4 Rfd8 20.
Nh5 Bg5+ 21. Bf4 Bxf4+ 22. Nxf4 Kf8 23. Be4 h6 24. Rhe1 Nc6 25. Rd6 a5 26. Red1
Ke7 27. a3 Ne5 28. R6d5 Nc4 29. Re1 Kf8 30. c3 Nb6 31. Rd4 a4 32. Rd3 g5 33.
Nd5 Nc4 34. f4 Be6 35. fxg5 hxg5 36. Bg2 Bf5 37. Rg3 Rc5 38. Ne3 Na5 39. Nxf5
Nb3+ 40. Kb1 Rxf5 41. Re2 Re5 42. Rd3 Rxd3 43. Rxe5 Rd1+ 44. Kc2 Rd2+ 45. Kb1
Rd1+ 46. Kc2 Rd2+ 47. Kb1 Rd1+ 1/2-1/2

[Event "Aktivschach 2008"]
[Site "?"]
[Date "2009.08.11"]
[Round "1"]
[White "GK 2000, Saitek"]
[Black "Super Expert C 6 MHz, Novag"]
[Result "0-1"]
[WhiteElo "1974"]
[BlackElo "2034"]
[Annotator "Alexander Riedel"]
[PlyCount "88"]
[EventDate "2008.??.??"]
[SourceDate "2009.06.14"]

1. d4 d5 2. g3 Nf6 3. Bg2 e6 4. Nf3 c5 5. O-O Nc6 6. Be3 Ng4 7. Bc1 Be7 8. a3
O-O 9. h3 Nf6 10. dxc5 Bxc5 11. Nbd2 Bb6 12. Nb3 Qc7 13. Bf4 e5 14. Bg5 Ne4 15.
Qxd5 Nxg3 16. Rfe1 Be6 17. Qb5 a6 18. Qa4 Bd7 19. Qc4 e4 20. Nfd2 e3 21. fxe3
Nf5 22. Qd3 h6 23. Nc4 hxg5 24. Nxb6 Qxb6 25. Qxd7 Nxe3 26. Kh1 Rfd8 27. Bxc6
Rxd7 28. Bxd7 Nxc2 29. Red1 Qxb3 30. Rab1 Qe3 31. Bg4 Nd4 32. Kg2 Nxe2 33. Re1
Nf4+ 34. Kh1 Qf2 35. Rg1 Rf8 36. Rbf1 Qh4 37. Bd7 Ne2 38. Rg2 Ng3+ 39. Rxg3
Qxg3 40. Bf5 Rd8 41. Bg6 Rd2 42. Bxf7+ Kh8 43. Rf2 Rd1+ 44. Rf1 Rxf1# 0-1

[Event "Aktivschach 2008"]
[Site "?"]
[Date "2008.09.08"]
[Round "2"]
[White "GK 2000, Saitek"]
[Black "Monte Carlo, Mephisto"]
[Result "1-0"]
[WhiteElo "1974"]
[BlackElo "1888"]
[Annotator "Alexander Riedel"]
[PlyCount "189"]
[EventDate "2008.??.??"]
[SourceDate "2009.06.14"]

1. d4 c6 2. e4 d5 3. Nc3 dxe4 4. Nxe4 Bf5 5. Ng3 Bg6 6. Bc4 e6 7. N1e2 Nf6 8.
Nf4 Bd6 9. Nxg6 hxg6 10. c3 Nbd7 11. O-O Nd5 12. Qf3 Qf6 13. Qxf6 gxf6 14. Re1
O-O-O 15. Bb3 g5 16. Bd2 g4 17. c4 Nb4 18. Re3 f5 19. Rd1 Nf6 20. Nf1 f4 21.
Re2 f3 22. Re3 fxg2 23. Kxg2 Na6 24. a3 Rh5 25. Bc3 Nd7 26. d5 cxd5 27. cxd5
Ndc5 28. dxe6 Nxe6 29. Bxe6+ fxe6 30. Rxe6 Kc7 31. Rg6 Rd7 32. Rxg4 Nc5 33. f4
Rdh7 34. Kf3 Rh3+ 35. Rg3 R3h4 36. Be5 Bxe5 37. fxe5 Re7 38. Rc1 Kb6 39. Ne3
Kb5 40. Nf5 Rf7 41. Rg5 Rxh2 42. Kg3 Ne4+ 43. Kxh2 Rh7+ 44. Kg2 Nxg5 45. Nd6+
Ka4 46. Rc4+ Ka5 47. Rc8 b6 48. Kg3 Ne6 49. Re8 Nc7 50. Rg8 Ne6 51. Rg4 b5 52.
Rg6 Nf8 53. Rf6 Nd7 54. Nb7+ Ka4 55. Rf4+ Kb3 56. e6 Ne5 57. Rb4+ Ka2 58. Nc5
Nc4 59. a4 Nxb2 60. Rxb5 Nc4 61. Rb4 Nd2 62. Rd4 Nf1+ 63. Kf2 Nh2 64. Re4 Rc7
65. e7 Ng4+ 66. Rxg4 Rxe7 67. Rb4 Ka3 68. Rb8 Rc7 69. Rb3+ Ka2 70. Rb5 Ka3 71.
Ke3 a6 72. Rb3+ Ka2 73. Rc3 a5 74. Kd4 Rf7 75. Rc2+ Ka3 76. Kc4 Rf2 77. Rc3+
Ka2 78. Kb5 Kb2 79. Rc4 Ka3 80. Kxa5 Rc2 81. Kb5 Rb2+ 82. Kc6 Rb4 83. Rc2 Rd4
84. a5 Rg4 85. a6 Rg6+ 86. Kb5 Rg7 87. Re2 Rh7 88. Kb6 Rh6+ 89. Ne6 Rh4 90. a7
Rh8 91. Nc7 Rh6+ 92. Ka5 Rh8 93. Re8 Rh4 94. Re3+ Kb2 95. a8=Q 1-0

[Event "Aktivschach 2008"]
[Site "?"]
[Date "2008.09.27"]
[Round "1"]
[White "Kishon Chesster, Fidelity"]
[Black "D++ 6 MHz, Saitek"]
[Result "1-0"]
[WhiteElo "1873"]
[BlackElo "2026"]
[Annotator "Alexander Riedel"]
[PlyCount "171"]
[EventDate "2008.??.??"]
[SourceDate "2009.06.14"]

1. d4 Nf6 2. c4 e6 3. Nc3 d5 4. Nf3 Be7 5. Qa4+ Bd7 6. Qb3 dxc4 7. Qxc4 Bc6 8.
Bf4 Nh5 9. Bd2 Nf6 10. Rc1 O-O 11. Ne5 a5 12. f3 a4 13. e4 a3 14. b4 Be8 15.
Bd3 Nc6 16. Nb5 Nxe5 17. dxe5 c6 18. exf6 Bxf6 19. e5 Bh4+ 20. g3 cxb5 21. Qe4
f5 22. exf6 Bxf6 23. Qxh7+ Kf7 24. Qh5+ Ke7 25. Qc5+ Qd6 26. Bxb5 Qxc5 27. Rxc5
b6 28. Bc6 Rc8 29. Bxe8 bxc5 30. Bg6 c4 31. b5 Bd4 32. Be4 c3 33. Bc1 Bc5 34.
Kd1 Rh8 35. Kc2 Bd6 36. b6 Rb8 37. b7 Kf6 38. f4 e5 39. Kxc3 exf4 40. gxf4 Rh4
41. h3 Re8 42. Bg2 Re2 43. Bd5 g6 44. Kd3 Re8 45. Bc6 Rf8 46. Ke4 Ke6 47. Rg1
Rf6 48. Rd1 Rf8 49. Rd3 Bxf4 50. Bd7+ Ke7 51. Bxa3+ Bd6+ 52. Bg4 Bxa3 53. Rxa3
Rb8 54. Rb3 Kd6 55. Kf4 Rh7 56. Bc8 Kc5 57. Kg5 Re7 58. Kxg6 Re2 59. a4 Ra2 60.
Rb5+ Kc6 61. Rb4 Kc5 62. Rg4 Kd6 63. h4 Ke7 64. Rb4 Rg2+ 65. Kh7 Ra2 66. h5 Kf6
67. h6 Kf7 68. Bf5 Kf6 69. Be4 Re2 70. Rb6+ Ke7 71. Bd3 Ra2 72. Rb4 Kf6 73. Bc4
Rc2 74. Rb6+ Ke5 75. Ba6 Rc7+ 76. Kg6 Rg8+ 77. Kh5 Rb8 78. a5 Kd5 79. Be2 Rc2
80. Bf3+ Ke5 81. a6 Ra2 82. h7 Kf5 83. Bg4+ Ke4 84. Bc8 Rh2+ 85. Kg4 Rxh7 86.
Bf5+ 1-0

[Event "Aktivschach 2008"]
[Site "?"]
[Date "2009.08.31"]
[Round "2"]
[White "Kishon Chesster, Fidelity"]
[Black "GK 2000, Saitek"]
[Result "0-1"]
[WhiteElo "1874"]
[BlackElo "1974"]
[Annotator "Alexander Riedel"]
[PlyCount "190"]
[EventDate "2008.??.??"]
[SourceDate "2009.06.14"]

1. e4 e5 2. Nf3 Nc6 3. Bb5 a6 4. Ba4 Nf6 5. O-O Be7 6. Re1 d6 7. c3 b5 8. Bb3
Na5 9. d4 Nxb3 10. axb3 Bb7 11. dxe5 Nxe4 12. Nbd2 Nc5 13. b4 Nd3 14. Re3 Nxc1
15. Qxc1 O-O 16. Qc2 Bg5 17. Rd3 Bxd2 18. Qxd2 d5 19. Nd4 Re8 20. f4 c6 21. Qf2
Qb6 22. Nf5 Qxf2+ 23. Kxf2 Kf8 24. Nd6 Reb8 25. b3 Ke7 26. Nf5+ Kf8 27. Ke3 f6
28. e6 Re8 29. Nd4 Ke7 30. Rdd1 Rad8 31. Nf5+ Kf8 32. e7+ Kg8 33. Re1 g6 34.
Kd4 Rd7 35. Nh6+ Kg7 36. Ng4 Rexe7 37. Nf2 f5 38. Re5 h6 39. Nd3 Bc8 40. Nc5
Ra7 41. Kd3 g5 42. Rxe7+ Rxe7 43. fxg5 hxg5 44. c4 dxc4+ 45. bxc4 bxc4+ 46.
Kxc4 Re2 47. Rg1 Kf6 48. Kd4 Rc2 49. h3 Rd2+ 50. Kc3 Re2 51. Kd3 Rb2 52. Kc3
Rf2 53. Kd4 Ra2 54. Kc4 Kf7 55. Nd3 Be6+ 56. Kd4 Bd5 57. g3 Rd2 58. Re1 Kf6 59.
h4 gxh4 60. gxh4 Rh2 61. Rf1 Rxh4+ 62. Nf4 Bg2 63. Rf2 Be4 64. Ke3 Rh1 65. Rd2
Rb1 66. Rd6+ Ke7 67. Rd4 Rb3+ 68. Ke2 Kf6 69. Rc4 Ke5 70. Ng6+ Kd5 71. Rc1 Rxb4
72. Rd1+ Ke6 73. Nf4+ Ke7 74. Ra1 Rb6 75. Ra5 Kd6 76. Nd3 Bxd3+ 77. Kxd3 c5 78.
Ra4 Kd5 79. Rf4 Rf6 80. Kc3 a5 81. Kb3 Rb6+ 82. Ka3 Ke5 83. Rc4 Rb5 84. Rc2 Kd6
85. Ka4 Rb4+ 86. Kxa5 f4 87. Rc3 Rb2 88. Ka4 Kd5 89. Ka3 Re2 90. Kb3 Re3 91.
Rxe3 c4+ 92. Kb2 fxe3 93. Kc3 Ke4 94. Kc2 Kd4 95. Kc1 c3 0-1